Neutralizácia výhod pôvodného poskytovateľa
Vo verejnom obstarávaní sa vyskytujú medzi záujemcami a uchádzačmi rôzne rozdiely, ktoré niekedy bránia účinnej hospodárskej súťaži. Jedným z takýchto prípadov býva účasť pôvodného poskytovateľa služieb vo verejnom obstarávaní, ktorý z rôznych dôvodov má pred ostatnými záujemcami a uchádzačmi náskok...
Saved in:
| Main Author: | |
|---|---|
| Format: | Book Chapter |
| Language: | Slovak |
| Subjects: | |
| Tags: |
No Tags, Be the first to tag this record!
|
MARC
| LEADER | 00000naa a2200000 4500 | ||
|---|---|---|---|
| 001 | 0313521 | ||
| 005 | 20251209102812.0 | ||
| 041 | 0 | |a slo | |
| 044 | |a SK | ||
| 245 | 1 | 0 | |a Neutralizácia výhod pôvodného poskytovateľa |c Ján Miloslav Tazberík |
| 520 | |a Vo verejnom obstarávaní sa vyskytujú medzi záujemcami a uchádzačmi rôzne rozdiely, ktoré niekedy bránia účinnej hospodárskej súťaži. Jedným z takýchto prípadov býva účasť pôvodného poskytovateľa služieb vo verejnom obstarávaní, ktorý z rôznych dôvodov má pred ostatnými záujemcami a uchádzačmi náskok alebo výhody, ktoré vyplývajú z jeho predchádzajúceho plnenia. Takýto stav je prirodzene nežiaduci pre vznik účinnej hospodárskej súťaže, a tak niekedy treba prijať opatrenia na neutralizáciu takýchto výhod. | ||
| 610 | 2 | 0 | |a obstarávanie verejné |
| 610 | 2 | 0 | |a služby |
| 610 | 2 | 0 | |a súťaž hospodárska |
| 610 | 2 | 0 | |a výhody konkurenčné |
| 610 | 2 | 0 | |a diskriminácia obchodná |
| 100 | 1 | |a Tazberík, Ján Miloslav | |